Normale Ansicht MARC-Ansicht ISBD

Rising Titans, Falling Giants : (Titelsatznr. 24148)

[ MARC ]
MARC-Details
000 -Satzkennung
Kontrollfeld mit fester Länge 00621nam a22002171c 4500
001 - Kontrollnummer
Kontrollfeld a987694048
008 - Feld mit fester Länge zur physischen Beschreibung - Allgemeine Angaben
Kontrollfeld mit fester Länge 200114s2018 gw |||| 000u eng d
020 ## - Internationale Standardbuchnummer
Internationale Standardbuchnummer 9781501725050
Verknüpfung 978-1-501-72505-0
041 ## - Sprachcode
Sprachcode des Textes/der Tonspur oder des separaten Titels eng
040 ## - Katalogisierungsquelle
Übertragungsstelle RU-10907106
003 - Kontrollnummer Identifier
Kontrollfeld RU-10907106
100 1# - Haupteintragung - Personenname
Personenname Shifrinson, Joshua R. Itzkowitz
245 00 - Titel
Titel Rising Titans, Falling Giants :
Zusatz zum Titel How Great Powers Exploit Power Shifts
264 ## - Produktion, Veröffentlichung, Distribution, Herstellung und Urheberrechtsvermerk
Herstellungs-, Veröffentlichungs- Vertriebs-, Erzeugungsort Ithaca :
Produzent, Herausgeber, Distributor, Hersteller Cornell University Press,
Datum der Herstellung, der Veröffentlichung, des Vertriebs oder des Urheberschutzvermerks 2018
300 ## - Physische Beschreibung
Umfang 253 Seiten
490 #0 - Gesamttitelangabe
Gesamttitelangabe Cornell Studies in Security Affairs
650 #0 - Nebeneintragung unter einem Schlagwort - Sachschlagwort
Sachschlagwort oder geografischer Name als Eintragungselement Außenpolitik
651 #0 - Nebeneintragung unter einem Schlagwort - Geografischer Name
Geografischer Name Sowjetunion
651 #0 - Nebeneintragung unter einem Schlagwort - Geografischer Name
Geografischer Name USA
942 ## - Zusätzliche Felder (Koha)
Koha-Medientyp Monographien
Exemplare
Ausgeschieden Verloren Klassifikation oder Aufstellungssystematik Beschädigt Nicht entleihbar Heimatbibliothek Aufenthaltsbibliothek Aufstellungsort Erwerbungsdatum Inventarnummer Signatur Barcode Letzte Aktivität Preis gültig von Koha-Medientyp
    Andere/Generische Klassifikation     MWN Osteuropa MWN Osteuropa Lesesaal - 1 14/01/2020 20-00649 W 60 B c Shif E0040108080FA3AA 22/02/2021 22/03/2021 Monographien